Fin de un mundo: Los Selk'nam de Tierra del Fuego.

Saved in:
Bibliografiske detaljer
Hovedforfatter: Chapman, Anne (autora)
Format: Bog
Sprog:spansk
Udgivet: Santiago, Chile: Pehuén, 2017.
Udgivelse:Segunda edición.
Serier:Biblioteca Bicentenario,
Fag:
Tags: Tilføj Tag
Ingen Tags, Vær først til at tagge denne postø!

MARC

LEADER 00000cam a2200000 a 4500
001 UCC3799
003 CL-VaPUC
005 20250321101911.0
008 180615t20170300cl |||||||||||||||||spa|d
999 |c 371472  |d 371470 
020 |a 978-956-16-0565-7 
040 |c Pontificia Universidad Católica de Valparaíso 
082 0 4 |a 983.00498 CHA 2017  |2 21 
100 |a Chapman, Anne  |e autora  |9 515675 
245 1 0 |a Fin de un mundo:  |b Los Selk'nam de Tierra del Fuego. 
250 |a Segunda edición. 
260 |a Santiago, Chile:  |b Pehuén,  |c 2017. 
300 |a 250 páginas:  |b fotografías. 
490 0 |a Biblioteca Bicentenario,  |n  LXIV, 
500 |a c.2-c.4. Instituto Arcos.08-01-2025. 
583 |a last modification  |c 20180615 12:36:00  |k Rodrigo Vera 
650 0 |a Onas   |9 409869  |x Vida social y costumbres  |x Libros ilustrados 
651 0 |a Tierra del Fuego   |9 345728  |x Pueblos indigenas  |x Fotografías en blanco y negro 
942 |c BK  |2 ddc  |n 0 
945 |d 20180615 12:36:00  |a arojas 
952 |0 0  |1 0  |3 erb  |4 0  |6 983_004980000000000_CHA_2017  |7 0  |8 A  |9 488478  |a BIBING  |b BIBING  |i 5474639  |o 983.00498 CHA 2017  |p 5474639  |r 2025-01-20  |w 2019-11-24  |y BK  |z Catalogado en:20180615  |k GEO 
952 |0 0  |1 0  |2 ddc  |4 0  |6 983_004980000000000_CHA_2017  |7 0  |8 A  |9 600056  |a BIBINC  |b BIBINC  |d 2025-01-28  |e Instituto Arcos  |i 5664919  |o 983.00498 CHA 2017  |p 5664919  |r 2025-01-28  |t 2  |w 2025-01-28  |y BK  |k IFP 
952 |0 0  |1 0  |2 ddc  |4 0  |6 983_004980000000000_CHA_2017  |7 0  |8 A  |9 601007  |a BIBINC  |b BIBINC  |d 2025-01-28  |e Instituto Arcos  |i 5665890  |o 983.00498 CHA 2017  |p 5665890  |r 2025-03-12  |t 3  |w 2025-01-28  |y BK  |k IFP 
952 |0 0  |1 0  |2 ddc  |4 0  |6 983_004980000000000_CHA_2017  |7 0  |8 A  |9 601008  |a BIBINC  |b BIBINC  |d 2025-01-28  |e Instituto Arcos  |i 5665891  |o 983.00498 CHA 2017  |p 5665891  |r 2025-03-12  |t 4  |w 2025-01-28  |y BK  |k IFP